LEADER 01064nam a2200241 u 4500 001 000000015023 003 CaOOAMICUS 005 20070226105831.0 008 941214s1953 fr u000 u fre u 035 $a10353074 040 $aPUL$bita 100 1 $aBerr, Henri.$0(OLS)http://pul/name/13863 245 13$aLa synthèse en histoire :$bson rapport avec la synthèse générale /$cpar Henri Berr. 260 $aParis :$bAlbin Michel,$c1953. 300 $axvi, 322 S. ;$c20 cm 490 1 $aEvolution de l'humanité.$aSynthèse collective ;$v94 650 4$aStoriografia.$0(OLS)http://pul/subject/2514 830 0$aEvolution de l'humanité.$pSynthèse collective ;$v94.$0(OLS)http://pul/title/8576 850 $aPUL 852 $aPUL$W1$xDP1 Fondo Cecchetti$y53$m269 B 24$j21064$nBK-PRI$b $qFondi$B21064$CPULBib$Z2$F21064 $HPUL2690 $81 941 1 $a1 996 $6245$aLa synthèse en histoire :$bson rapport avec la synthèse générale$9(OLS)http://pul/title/21560 996 $6260$aParis :$bAlbin Michel$9(OLS)http://pul/publisher/51032 LEADER 00890naa a2200217 u 4500 001 000000099589 003 CaOOAMICUS 005 20070226130159.0 008 051004s1998 it u000 u ita u 035 $a11061641 040 $aIAR$bita 100 1 $aPazzini, Domenico.$0(OLS)http://pul/name/10852 245 10$a[Recensione :] Origeniana Sexta. Origène et la Bible /$cDomenico Pazzini. 260 $aBologna :$bEd. Dehoniane,$c1998. 300 $aS. 667-674 ;$c22 cm 630 04$aOrigeniana Sexta.$0(OLS)http://pul/subject/31903 730 0 $aCristianesimo nella storia$g[Spogli].$0(OLS)http://pul/title/7312 773 0 $aCristianesimo nella storia ;.$tvol. XIX (1998) 773 0 $tCristianesimo nella storia$w()5012 996 $6245$a[Recensione :] Origeniana Sexta. Origène et la Bible$9(OLS)http://pul/title/126467 996 $6260$aBologna :$bEd. Dehoniane$9(OLS)http://pul/publisher/48282